Tjerita si Umbut Muda. (Record no. 71935)

MARC details
000 -LEADER
fixed length control field 00656cam a22002171 4500
001 - CONTROL NUMBER
control field sa 67000359
003 - CONTROL NUMBER IDENTIFIER
control field DLC
005 - DATE AND TIME OF LATEST TRANSACTION
control field 20260227112314.0
008 - FIXED-LENGTH DATA ELEMENTS--GENERAL INFORMATION
fixed length control field 781102s1963 io 000 0 ind
010 ## - LIBRARY OF CONGRESS CONTROL NUMBER
LC control number sa 67000359
035 ## - SYSTEM CONTROL NUMBER
System control number (OCoLC)4339605
040 ## - CATALOGING SOURCE
Original cataloging agency DLC
Transcribing agency CtY
Modifying agency DLC
042 ## - AUTHENTICATION CODE
Authentication code premarc
050 00 - LIBRARY OF CONGRESS CALL NUMBER
Classification number PL5415.9.S5
Item number T55 1963
130 0# - MAIN ENTRY--UNIFORM TITLE
Uniform title Si Oemboet Moedô.
245 10 - TITLE STATEMENT
Title Tjerita si Umbut Muda.
Statement of responsibility, etc. Di Indonesiakan oleh Tulis Sutan Sati. 5 gambar dalam dan gambar kulit oleh Iljas St. Madjo Kajo.
250 ## - EDITION STATEMENT
Edition statement Tjet. 3.
260 ## - PUBLICATION, DISTRIBUTION, ETC.
Place of publication, distribution, etc. Djakarta,
Name of publisher, distributor, etc. Balai Pustaka,
Date of publication, distribution, etc. 1963.
300 ## - PHYSICAL DESCRIPTION
Extent 119 p.
Other physical details illus.
Dimensions 18 cm.
700 1# - ADDED ENTRY--PERSONAL NAME
Personal name Sati, Tulis Sutan,
Relator term tr.

No items available.

Powered by Koha